[Event "Kup SS CS 2014"]
[Site "?"]
[Date "2014.05.03"]
[Round "7.1"]
[White "Zajic, Milan"]
[Black "Irizanin, Radoje"]
[Result "1-0"]
[WhiteElo "2347"]
[BlackElo "2327"]
[PlyCount "113"]
[EventDate "2014.03.23"]

1. e4 c5 2. Nf3 Nc6 3. d4 cxd4 4. Nxd4 e5 5. Nb5 a6 6. Nd6+ Bxd6 7. Qxd6 Qf6 8.
Qd2 Nge7 9. c4 O-O 10. Nc3 Nd4 11. b3 d6 12. Bb2 Be6 13. Ne2 Nxe2 14. Bxe2 Ng6
15. O-O Nf4 16. Kh1 Qg6 17. Bf3 Bg4 18. Bxg4 Qxg4 19. f3 Qe6 20. Rad1 f5 21. g3
Nh3 22. exf5 Qxf5 23. Qxd6 Rae8 24. Qd7 Ng5 25. Qxf5 Rxf5 26. Kg2 Ref8 27. Rd3
e4 28. Rd7 exf3+ 29. Rxf3 Nxf3 30. Rxg7+ Kh8 31. Rg5+ R5f6 32. Rf5 Ne1+ 33. Kf1
Kg8 34. Rxf6 Nd3 35. Rxf8+ Kxf8 36. Ba3+ Kf7 37. Ke2 Ne5 38. Bb2 Nc6 39. Ke3
Ke6 40. Ke4 Nb4 41. a3 Nc6 42. Bc3 Ne7 43. g4 Ng6 44. Bd4 Nh4 45. Bf2 Ng6 46.
Bg3 Ne7 47. Kd4 Nc6+ 48. Kc5 Kd7 49. b4 Ne7 50. h4 Ng8 51. Kb6 Kc8 52. g5 Ne7
53. h5 Nf5 54. g6 hxg6 55. hxg6 Ne7 56. g7 Ng8 57. Bh4 1-0

[Event "Kup SS CS 2014"]
[Site "?"]
[Date "2014.05.03"]
[Round "7.1"]
[White "Mirkovic, Stevan"]
[Black "Mladenovic, Stefan"]
[Result "0-1"]
[WhiteElo "2298"]
[BlackElo "2310"]
[PlyCount "84"]
[EventDate "2014.03.23"]

1. Nf3 Nf6 2. c4 Nc6 3. d4 e6 4. e3 g6 5. Nc3 Bg7 6. Bd3 O-O 7. O-O d6 8. Nd2
e5 9. d5 Nb4 10. Be2 a5 11. a3 Na6 12. b4 axb4 13. axb4 Bd7 14. Ba3 b6 15. Nb3
Qe7 16. Qc1 h5 17. Rd1 Nh7 18. c5 e4 19. cxb6 cxb6 20. Bxa6 Rxa6 21. b5 Rxa3
22. Rxa3 Qh4 23. Ne2 Ng5 24. Nbd4 Be5 25. Nf4 Nf3+ 26. Nxf3 exf3 27. g3 Qg4 28.
Qc4 g5 29. h3 Qf5 30. e4 Qh7 31. Nd3 Rc8 32. Qb4 Bxh3 33. Nxe5 dxe5 34. d6 h4
35. g4 Bxg4 36. d7 Bxd7 37. Rxd7 Qh5 38. Rc3 Qg4+ 39. Kf1 Qxd7 40. Rxf3 Rc1+
41. Ke2 Qd1+ 42. Ke3 Rc2 0-1

[Event "Kup SS CS 2014"]
[Site "?"]
[Date "2014.05.03"]
[Round "7.1"]
[White "Brankovic, Dejan"]
[Black "Smolovic, Mile"]
[Result "1/2-1/2"]
[WhiteElo "2349"]
[BlackElo "2323"]
[PlyCount "40"]
[EventDate "2014.03.23"]

1. e4 d6 2. d4 Nf6 3. Nc3 e5 4. Nge2 c6 5. a4 Be7 6. h3 O-O 7. g3 b6 8. Bg2 Bb7
9. O-O Qc7 10. g4 a6 11. d5 cxd5 12. exd5 Nbd7 13. Ng3 Rfc8 14. g5 Ne8 15. Qg4
Qd8 16. Be4 g6 17. f4 exf4 18. Bxf4 b5 19. h4 Ng7 20. h5 f5 1/2-1/2

[Event "Kup SS CS 2014"]
[Site "?"]
[Date "2014.05.03"]
[Round "7.1"]
[White "Gavrilovic, Leonardo"]
[Black "Cvetanovic, Uros"]
[Result "1/2-1/2"]
[WhiteElo "2255"]
[BlackElo "2290"]
[PlyCount "70"]
[EventDate "2014.03.23"]

1. Nf3 Nf6 2. d4 e6 3. c4 b6 4. a3 Bb7 5. Nc3 d5 6. Bg5 h6 7. Bxf6 Qxf6 8. cxd5
exd5 9. e3 a6 10. Qb3 Qe6 11. Be2 Bd6 12. Ne5 Bxe5 13. dxe5 Nd7 14. f4 O-O 15.
Bf3 Nc5 16. Qd1 Rad8 17. O-O f6 18. Bg4 f5 19. Bf3 Ne4 20. Ne2 c5 21. b4 Rd7
22. bxc5 bxc5 23. Qc1 Rc8 24. Qb2 a5 25. Rfd1 Ba6 26. Nc3 Rb7 27. Qc2 Bc4 28.
Rab1 Rcb8 29. Rxb7 Rxb7 30. Bxe4 fxe4 31. Qd2 Bd3 32. Na4 Rb5 33. Qc3 Bc4 34.
Qd2 Bd3 35. Rc1 c4 1/2-1/2

[Event "Kup SS CS 2014"]
[Site "?"]
[Date "2014.05.03"]
[Round "7.2"]
[White "Ilic, Zoran S"]
[Black "Panic, Milan"]
[Result "1/2-1/2"]
[WhiteElo "2291"]
[BlackElo "2274"]
[PlyCount "35"]
[EventDate "2014.03.23"]

1. d4 d5 2. c4 c6 3. Nf3 Nf6 4. Nc3 dxc4 5. a4 e6 6. e3 c5 7. Bxc4 Nc6 8. O-O
cxd4 9. exd4 Be7 10. Qe2 O-O 11. Rd1 Nd5 12. Qe4 Nf6 13. Qe2 Nd5 14. Ne5 Ncb4
15. a5 Bd7 16. Ne4 Rc8 17. Ra3 Be8 18. Ra1 1/2-1/2

[Event "Kup SS CS 2014"]
[Site "?"]
[Date "2014.05.03"]
[Round "7.2"]
[White "Dodic, Dragan"]
[Black "Djokic, Vladan"]
[Result "0-1"]
[WhiteElo "2083"]
[BlackElo "2309"]
[PlyCount "104"]
[EventDate "2014.03.23"]

1. d4 Nf6 2. c4 e6 3. Nf3 c5 4. d5 b5 5. dxe6 fxe6 6. e3 bxc4 7. Bxc4 Nc6 8.
O-O Qc7 9. Nc3 d5 10. Bb5 Bd7 11. b3 Bd6 12. Bb2 O-O 13. h3 a6 14. Ba4 Be8 15.
Ng5 Qe7 16. Rc1 h6 17. Nf3 Rc8 18. Rc2 Bh5 19. Bxc6 Rxc6 20. Re1 Qf7 21. Qd3
Bg6 22. Qd2 Bxc2 23. Qxc2 e5 24. Nb1 Qh5 25. Nbd2 e4 26. Nd4 Rcc8 27. Ne2 Nd7
28. Nf1 Qf5 29. Neg3 Qe6 30. Rd1 Ne5 31. Bxe5 Bxe5 32. Qe2 c4 33. bxc4 Rxc4 34.
Qd2 d4 35. exd4 Rxd4 36. Qe2 Rxd1 37. Qxd1 Bxg3 38. Nxg3 Qxa2 39. Nxe4 Rb8 40.
Qd4 a5 41. g4 Re8 42. Kg2 a4 43. h4 a3 44. g5 Qe6 45. f3 a2 46. Qa4 Rf8 47. Nc3
hxg5 48. hxg5 Rb8 49. Kg3 Qe1+ 50. Kf4 Qc1+ 51. Kg4 a1=Q 52. Qc4+ Kh8 0-1

[Event "Kup SS CS 2014"]
[Site "?"]
[Date "2014.05.03"]
[Round "7.2"]
[White "Mitrovic, Darko R"]
[Black "Petrovic, Petar R"]
[Result "1-0"]
[WhiteElo "2279"]
[BlackElo "1752"]
[PlyCount "85"]
[EventDate "2014.03.23"]

1. d4 d5 2. c4 e6 3. Nc3 Nf6 4. Nf3 Be7 5. cxd5 exd5 6. Bg5 O-O 7. e3 c6 8. Bd3
Bg4 9. h3 Bh5 10. Qc2 Bg6 11. Bxg6 fxg6 12. Bxf6 Bxf6 13. O-O Nd7 14. Na4 Re8
15. Nc5 Nxc5 16. Qxc5 Qd7 17. Rab1 Be7 18. Qc3 Bd6 19. b4 Rab8 20. Rfc1 Rec8
21. Qb3 Qe7 22. b5 Qe8 23. Ne1 Bc7 24. Qa4 Bb6 25. bxc6 bxc6 26. Nd3 Rc7 27.
Rb3 Rbc8 28. Rbc3 Qd7 29. Ne5 Qd6 30. Rxc6 Rxc6 31. Rxc6 Rxc6 32. Qxc6 Qxc6 33.
Nxc6 Kf7 34. Kf1 Ke6 35. Ke2 g5 36. Kd3 Kf5 37. f3 g6 38. Kc3 Ke6 39. Kb4 Kd6
40. Kb5 h6 41. a4 h5 42. a5 Bc7 43. Nxa7 1-0

[Event "Kup SS CS 2014"]
[Site "?"]
[Date "2014.05.03"]
[Round "7.3"]
[White "Radovanovic, Nikola"]
[Black "Stojanovic, Marko"]
[Result "1-0"]
[WhiteElo "2308"]
[BlackElo "2294"]
[PlyCount "67"]
[EventDate "2014.03.23"]

1. d4 Nf6 2. c4 e6 3. Nc3 Bb4 4. Qc2 c5 5. dxc5 Na6 6. a3 Bxc3+ 7. Qxc3 Nxc5 8.
b4 Nce4 9. Qd4 d5 10. c5 b6 11. f3 bxc5 12. bxc5 Qa5+ 13. Qb4 Qxb4+ 14. axb4
Nc3 15. Bb2 Nb5 16. e4 Bd7 17. Bxf6 gxf6 18. Bxb5 Bxb5 19. exd5 exd5 20. Ne2
Kd7 21. Nd4 a6 22. Kd2 Bc4 23. Rhe1 Rhg8 24. g3 h5 25. Re3 Rge8 26. Rxe8 Rxe8
27. Re1 Rb8 28. Kc3 Rg8 29. Nf5 Rg5 30. Nd6 Bb5 31. f4 Rg8 32. Nf5 Kd8 33. Kd4
Bc6 34. Ne7 1-0

[Event "Kup SS CS 2014"]
[Site "?"]
[Date "2014.05.03"]
[Round "7.3"]
[White "Djuric, Zoran"]
[Black "Jovanovic, Bojan P"]
[Result "0-1"]
[WhiteElo "2233"]
[BlackElo "2254"]
[PlyCount "120"]
[EventDate "2014.03.23"]

1. e4 e6 2. d4 d5 3. exd5 exd5 4. Nf3 Bd6 5. Bd3 Nc6 6. c3 Nge7 7. h3 f6 8. Qc2
g6 9. Nbd2 Be6 10. Nf1 Qd7 11. Bd2 Bf5 12. Bxf5 Qxf5 13. O-O-O Qxc2+ 14. Kxc2
h5 15. Re1 Kf7 16. Ne3 Nd8 17. b3 Ne6 18. Nd1 Rac8 19. Be3 g5 20. Kb1 b6 21.
Nb2 c5 22. Rd1 cxd4 23. Bxd4 Nf4 24. g3 Ne2 25. Rd3 g4 26. Nh4 Nxd4 27. cxd4
Ba3 28. hxg4 hxg4 29. Re1 Rc6 30. Rdd1 Rhc8 31. Re2 Rc3 32. Ng2 Nf5 33. Red2
Bf8 34. Ne1 Nd6 35. Na4 R3c6 36. Rc2 Rxc2 37. Nxc2 Ne4 38. Kb2 Nxf2 39. Rd2 Ne4
40. Rd3 Bd6 41. Ne3 Bxg3 42. Nxg4 Bf4 43. Nc3 f5 44. Rf3 Bc1+ 45. Kxc1 Rxc3+
46. Rxc3 Nxc3 47. Ne5+ Ke6 48. Kb2 Ne2 49. Nf3 f4 50. Kc2 Kf5 51. Kd2 Ng3 52.
Kd3 Kg4 53. Ne5+ Kh3 54. Ng6 Nh5 55. Ke2 Kg3 56. Ne5 Ng7 57. Nf3 Nf5 58. a3 Nh4
59. Ne5 f3+ 60. Kf1 Nf5 0-1

[Event "Kup SS CS 2014"]
[Site "?"]
[Date "2014.05.03"]
[Round "7.3"]
[White "Djuretanovic, Ivan"]
[Black "Ilic, Zdravko"]
[Result "0-1"]
[WhiteElo "2047"]
[BlackElo "2161"]
[PlyCount "55"]
[EventDate "2014.03.23"]

1. e4 c5 2. Nf3 Nc6 3. d4 cxd4 4. Nxd4 Qc7 5. Nc3 Nf6 6. Be3 a6 7. g3 e6 8. a3
h5 9. h3 b5 10. Bg2 Bb7 11. O-O Rc8 12. Re1 Na5 13. e5 Qxe5 14. Ndxb5 axb5 15.
Bb6 Qb8 16. Bf1 Nc4 17. Nxb5 Nxb6 18. a4 Ba8 19. Bg2 Bxg2 20. Kxg2 Nxa4 21. c4
Nxb2 22. Qf3 d5 23. Ra7 Bc5 24. Rxe6+ fxe6 25. Rxg7 Qe5 26. cxd5 Qxd5 27. Nc7+
Rxc7 28. Rxc7 0-1

[Event "Kup SS CS 2014"]
[Site "?"]
[Date "2014.05.03"]
[Round "7.3"]
[White "Savic, Petar A"]
[Black "Nikolic, Vladimir"]
[Result "1-0"]
[WhiteElo "2127"]
[BlackElo "1984"]
[PlyCount "98"]
[EventDate "2014.03.23"]

1. e4 g6 2. d4 Bg7 3. c4 c5 4. d5 d6 5. Nc3 Nf6 6. Bd3 e6 7. Nf3 exd5 8. cxd5
Bg4 9. h3 Bxf3 10. Qxf3 a6 11. a4 Nfd7 12. Qe2 Bd4 13. O-O Qh4 14. Be3 g5 15.
Qd2 Rg8 16. Bxd4 cxd4 17. Ne2 g4 18. Qf4 Ne5 19. Rad1 gxh3 20. g3 Rg4 21. Qf5
Nbd7 22. Kh2 Qh6 23. f4 Nxd3 24. Qxg4 Nf6 25. Qf5 Nxb2 26. Rxd4 b5 27. e5 Qh5
28. Qxh5 Nxh5 29. axb5 axb5 30. Kxh3 Nc4 31. exd6 Kd7 32. Rd3 Ra2 33. Nd4 Nxd6
34. Re1 Ra4 35. Nc6 Rxf4 36. Ne5+ Kd8 37. gxf4 Nxf4+ 38. Kg4 Nxd3 39. Nxd3 Kc7
40. Kf4 Nc4 41. Ne5 Na3 42. Nxf7 Nc4 43. Re7+ Kc8 44. d6 Nb6 45. Rc7+ Kb8 46.
Ke5 b4 47. Rc1 Kb7 48. Ke6 h5 49. Rb1 Kc6 1-0

[Event "Kup SS CS 2014"]
[Site "?"]
[Date "2014.05.03"]
[Round "7.4"]
[White "Brkljaca, Ante"]
[Black "Marcetic, Predrag"]
[Result "1/2-1/2"]
[WhiteElo "2323"]
[BlackElo "2295"]
[PlyCount "59"]
[EventDate "2014.03.23"]

1. d4 Nf6 2. Nf3 e6 3. c4 b6 4. g3 Bb7 5. Bg2 Be7 6. O-O O-O 7. Nc3 Ne4 8. Qc2
Nxc3 9. Qxc3 Be4 10. b3 d6 11. Bb2 Nd7 12. Bh3 Bf6 13. Nd2 Bb7 14. Qc2 c5 15.
dxc5 dxc5 16. Rad1 Qc7 17. Bg2 Bxb2 18. Bxb7 Qxb7 19. Qxb2 Nf6 20. Nf3 Rfd8 21.
Qe5 h6 22. h3 Ne4 23. Qa1 f6 24. Rxd8+ Rxd8 25. Rd1 Qc7 26. Kg2 Kf7 27. Rxd8
Qxd8 28. Qb1 Qa8 29. Qd3 Qc6 30. Kg1 1/2-1/2

[Event "Kup SS CS 2014"]
[Site "?"]
[Date "2014.05.03"]
[Round "7.4"]
[White "Kurcubic, Aleksandar"]
[Black "Ilic, Dragan M"]
[Result "0-1"]
[WhiteElo "2270"]
[BlackElo "2371"]
[PlyCount "44"]
[EventDate "2014.03.23"]

1. Nf3 e6 2. c4 f5 3. d4 Nf6 4. Nc3 d5 5. e3 c6 6. Be2 Bd6 7. O-O O-O 8. b3 b6
9. Bb2 Bb7 10. cxd5 exd5 11. g3 Nbd7 12. Nh4 g6 13. Ng2 Qe7 14. a3 b5 15. a4 b4
16. Nb1 a5 17. Nd2 Ne4 18. Rc1 Rae8 19. Nf3 g5 20. Nd2 Ndf6 21. Nxe4 fxe4 22.
Rc2 Qe6 0-1

[Event "Kup SS CS 2014"]
[Site "?"]
[Date "2014.05.03"]
[Round "7.4"]
[White "Gosic, Bogdan"]
[Black "Marinkovic, Zoran"]
[Result "1-0"]
[WhiteElo "2272"]
[BlackElo "2268"]
[PlyCount "51"]
[EventDate "2014.03.23"]

1. e4 c5 2. Nf3 Nc6 3. Bb5 g6 4. Bxc6 bxc6 5. O-O Bg7 6. Re1 e5 7. c3 Ne7 8. d4
cxd4 9. cxd4 exd4 10. Nxd4 O-O 11. Nc3 Qc7 12. Bg5 Re8 13. Rc1 Qe5 14. Nf3 Qa5
15. Qd2 c5 16. Qd6 f6 17. Bxf6 Bxf6 18. Qxf6 Qb6 19. e5 Qd8 20. Qh4 Bb7 21. Ng5
h5 22. Qc4+ Kg7 23. Qf7+ Kh6 24. Qf4 Nd5 25. Nf7+ Kg7 26. Nxd5 1-0

[Event "Kup SS CS 2014"]
[Site "?"]
[Date "2014.05.03"]
[Round "7.4"]
[White "Zecevic, Igor"]
[Black "Stojanovic, Dobrisav"]
[Result "1/2-1/2"]
[WhiteElo "1942"]
[BlackElo "2369"]
[PlyCount "35"]
[EventDate "2014.03.23"]

1. d4 d5 2. c4 c6 3. cxd5 cxd5 4. Nc3 Nc6 5. Bf4 Nf6 6. e3 e6 7. Nf3 Qa5 8. Bd3
Bb4 9. Qb3 Ne4 10. Bxe4 dxe4 11. Nd2 f5 12. Nc4 Qd8 13. O-O O-O 14. Rac1 g5 15.
Be5 Bxc3 16. Rxc3 Qd5 17. Rfc1 f4 18. Nd6 1/2-1/2

[Event "Kup SS CS 2014"]
[Site "?"]
[Date "2014.05.03"]
[Round "7.5"]
[White "Zlatanovic, Zoran"]
[Black "Todorovic, Bojan"]
[Result "1/2-1/2"]
[WhiteElo "2181"]
[BlackElo "2321"]
[PlyCount "24"]
[EventDate "2014.03.23"]

1. e4 e5 2. Nf3 Nc6 3. Bb5 Nf6 4. d3 Bc5 5. c3 O-O 6. O-O Re8 7. Ba4 h6 8. Nbd2
Bf8 9. Nc4 d6 10. Ne3 Bd7 11. h3 Ne7 12. Bxd7 Qxd7 1/2-1/2

[Event "Kup SS CS 2014"]
[Site "?"]
[Date "2014.05.03"]
[Round "7.5"]
[White "Nikolic, Boban"]
[Black "Kalcic, Krsta"]
[Result "1-0"]
[WhiteElo "2236"]
[BlackElo "2214"]
[PlyCount "95"]
[EventDate "2014.03.23"]

1. c4 Nf6 2. Nc3 g6 3. e4 d6 4. d4 Bg7 5. Be2 O-O 6. Nf3 e5 7. O-O Nc6 8. d5
Ne7 9. Ne1 Nd7 10. Nd3 f5 11. Bd2 Nf6 12. f3 f4 13. c5 g5 14. Rc1 Ng6 15. cxd6
cxd6 16. Nf2 h5 17. h3 Rf7 18. Nb5 a6 19. Na3 b5 20. Nc2 Bf8 21. a4 bxa4 22.
Nb4 Rg7 23. Qxa4 g4 24. hxg4 hxg4 25. fxg4 Nh4 26. Nc6 Qe8 27. Qd1 Qg6 28. Be1
Qh6 29. Rc3 Nh7 30. Nh3 Ng5 31. Nxg5 Qxg5 32. Rh3 Ng6 33. Rh5 Qf6 34. g5 Qf7
35. Bg4 Qb7 36. Bxc8 Qxc8 37. Rh6 Nh8 38. Qh5 Nf7 39. Rg6 Qd7 40. Rf3 Nh8 41.
Rxg7+ Qxg7 42. Rh3 Ng6 43. Qg4 Re8 44. Qf5 Nh8 45. Rh6 Qb7 46. Rg6+ Bg7 47.
Rxd6 Qxb2 48. Ne7+ 1-0

[Event "Kup SS CS 2014"]
[Site "?"]
[Date "2014.05.03"]
[Round "7.5"]
[White "Milutinovic, Stefana"]
[Black "Pejcic, Milutin"]
[Result "1/2-1/2"]
[WhiteElo "2048"]
[BlackElo "2145"]
[PlyCount "63"]
[EventDate "2014.03.23"]

1. Nf3 Nf6 2. c4 g6 3. Nc3 d5 4. cxd5 Nxd5 5. d3 Bg7 6. Bd2 O-O 7. g3 c5 8. Bg2
Nc6 9. h4 c4 10. dxc4 Nxc3 11. Bxc3 Bxc3+ 12. bxc3 Be6 13. Nd2 Rc8 14. h5 Qa5
15. hxg6 hxg6 16. Qc1 Qe5 17. Rb1 b6 18. Rb5 Qg7 19. Bd5 Bxd5 20. Rxd5 Rcd8 21.
Rxd8 Rxd8 22. Nf3 Na5 23. Ng5 Qe5 24. Rh7 Rf8 25. Rh4 Rc8 26. Nf3 Qg7 27. Nd2
Nb7 28. Kf1 Nd6 29. Kg2 Nf5 30. Rh1 Nd6 31. Rh4 Nf5 32. Rh1 1/2-1/2

[Event "Kup SS CS 2014"]
[Site "?"]
[Date "2014.05.03"]
[Round "7.6"]
[White "Cukanovic, Petar"]
[Black "Stankovic, Dragan P"]
[Result "1/2-1/2"]
[WhiteElo "2057"]
[BlackElo "2266"]
[PlyCount "69"]
[EventDate "2014.03.23"]

1. e4 c5 2. Nf3 e6 3. d4 cxd4 4. Nxd4 Nf6 5. Nc3 Nc6 6. Ndb5 d6 7. Bf4 e5 8.
Bg5 a6 9. Na3 b5 10. Nd5 Be7 11. Nxe7 Nxe7 12. Bxf6 gxf6 13. Qf3 f5 14. exf5
Bxf5 15. Bd3 Bxd3 16. Qxd3 Qc7 17. O-O d5 18. c3 Rd8 19. Nc2 Qc4 20. Qe3 Ng6
21. Rfe1 O-O 22. Qb6 d4 23. Na3 Qd5 24. cxd4 Nf4 25. f3 Nd3 26. Re4 Rd6 27.
Rg4+ Kh8 28. Qc7 Rg6 29. Nc2 Rxg4 30. fxg4 Nf4 31. Qxe5+ Qxe5 32. dxe5 Re8 33.
Kf2 Nd3+ 34. Kg3 Nxe5 35. Re1 1/2-1/2

[Event "Kup SS CS 2014"]
[Site "?"]
[Date "2014.05.03"]
[Round "7.6"]
[White "Avramovic, Zoran"]
[Black "Gajic, Sladjan"]
[Result "1-0"]
[WhiteElo "2313"]
[BlackElo "2066"]
[PlyCount "130"]
[EventDate "2014.03.23"]

1. e4 c5 2. Nf3 d6 3. d4 cxd4 4. Nxd4 Nf6 5. Nc3 a6 6. g3 g6 7. Bg2 Bg7 8. O-O
O-O 9. h3 Nbd7 10. Re1 Qc7 11. Nd5 Qd8 12. c4 Ne5 13. b3 Nc6 14. Bb2 Nxd5 15.
exd5 Nxd4 16. Bxd4 Bxd4 17. Qxd4 b6 18. Qh4 Ra7 19. Qh6 Kh8 20. Rad1 Rg8 21.
Rd4 Qf8 22. Qe3 Qd8 23. Qf4 Kg7 24. h4 h5 25. Bf3 f6 26. Rde4 Kh7 27. Bd1 Rg7
28. Qe3 a5 29. f3 Rb7 30. a4 Qc7 31. Kg2 Qd7 32. Rh1 Qc7 33. g4 Qc5 34. Qd2 Qb4
35. Qxb4 axb4 36. Kf2 Kg8 37. Rg1 hxg4 38. fxg4 g5 39. h5 Kh7 40. Bc2 Kh6 41.
Re3 Bd7 42. Rf3 Rb8 43. Bf5 Bxf5 44. Rxf5 Rb7 45. Kf3 Rc7 46. Ke4 Kh7 47. Rf2
Kg8 48. Ra1 Rc5 49. Kd4 Ra5 50. Re2 Rf7 51. Ke4 f5+ 52. gxf5 Kg7 53. Kf3 Rxf5+
54. Kg4 Rf7 55. Re6 Ra7 56. Rae1 Kh7 57. Kxg5 Rg7+ 58. Rg6 Rf7 59. Ree6 Rg7 60.
Rxg7+ Kxg7 61. h6+ Kh7 62. Re3 Rc7 63. Rf3 b5 64. Rf7+ Kg8 65. Kg6 Rc8 1-0

[Event "Kup SS CS 2014"]
[Site "?"]
[Date "2014.05.03"]
[Round "7.6"]
[White "Curcic, Predrag"]
[Black "Mircic, Ivan"]
[Result "0-1"]
[WhiteElo "2060"]
[BlackElo "2257"]
[PlyCount "41"]
[EventDate "2014.03.23"]

1. e4 c5 2. Nf3 e6 3. d4 cxd4 4. Nxd4 a6 5. Nc3 Qc7 6. Bd3 b5 7. O-O Bb7 8. Kh1
Nf6 9. Qe2 Nc6 10. Nxc6 Qxc6 11. Bg5 Be7 12. f4 b4 13. Bxf6 gxf6 14. Nd1 f5 15.
Nf2 Bc5 16. Rae1 Ke7 17. Qh5 Rag8 18. Qh4+ f6 19. Re2 Rg7 20. Nd1 Qa4 21. a3
0-1

[Event "Kup SS CS 2014"]
[Site "?"]
[Date "2014.05.03"]
[Round "7.7"]
[White "Bezarevic, Branko"]
[Black "Mitrovic, Marjan"]
[Result "1-0"]
[WhiteElo "2167"]
[BlackElo "2111"]
[PlyCount "115"]
[EventDate "2014.03.23"]

1. e4 c5 2. Nc3 Nc6 3. f4 g6 4. Nf3 Bg7 5. Bb5 Nd4 6. O-O a6 7. Bc4 b5 8. Bd5
Rb8 9. d3 e6 10. Bb3 d6 11. Nxd4 cxd4 12. Ne2 Ne7 13. Qe1 O-O 14. Qf2 Nc6 15.
f5 exf5 16. Ng3 fxe4 17. Nxe4 h6 18. Nf6+ Bxf6 19. Qxf6 Qxf6 20. Rxf6 Kg7 21.
Rxd6 Bb7 22. Rd7 Ba8 23. Bd2 Rbd8 24. Rc7 Rc8 25. Rd7 Rcd8 26. Rxd8 Rxd8 27.
Re1 Rd7 28. Kf2 Bb7 29. g4 f6 30. Re6 Ne5 31. Kg3 g5 32. Bb4 Nc6 33. Bc5 a5 34.
a4 b4 35. Bc4 Ne5 36. Bb5 Rf7 37. Bxd4 Nxg4 38. Kxg4 Bc8 39. Bc4 Kg6 40. Kf3
Bxe6 41. Bxe6 Re7 42. Bc4 f5 43. Bc5 Re1 44. d4 g4+ 45. Kf2 Rd1 46. Bd3 Kg5 47.
b3 Rd2+ 48. Ke1 Rxh2 49. d5 Rh1+ 50. Kd2 Rh2+ 51. Kc1 Rh1+ 52. Kb2 Re1 53. d6
Re8 54. d7 Rg8 55. Bc4 Rh8 56. Be7+ Kf4 57. d8=Q Rxd8 58. Bxd8 1-0

[Event "Kup SS CS 2014"]
[Site "?"]
[Date "2014.05.03"]
[Round "7.7"]
[White "Djoric, Hadzi Goran"]
[Black "Vasic, Vladimir"]
[Result "1-0"]
[WhiteElo "2151"]
[BlackElo "2158"]
[PlyCount "109"]
[EventDate "2014.03.23"]

1. e4 e5 2. Nf3 Nc6 3. Bc4 Nf6 4. d3 Be7 5. Nc3 d6 6. h3 Be6 7. Bxe6 fxe6 8.
Bg5 h6 9. Bxf6 Bxf6 10. Ne2 Qd7 11. c3 O-O-O 12. Qa4 Kb8 13. O-O-O Qf7 14. Kb1
Qg6 15. Ng3 Rhf8 16. h4 Be7 17. b4 Rde8 18. Rd2 Qg4 19. Rb2 Rxf3 20. gxf3 Qxf3
21. Qc2 Rf8 22. Qe2 Qf4 23. h5 Bg5 24. a4 Ne7 25. a5 Ng8 26. d4 Nf6 27. a6 Rf7
28. axb7 d5 29. dxe5 Qxe5 30. exd5 Qxe2 31. Rxe2 exd5 32. Rd1 Kxb7 33. Kc2 Kc6
34. Ra1 Ng4 35. Rxa7 Nxf2 36. Re6+ Kd7 37. Re5 Rf3 38. Nf5 Rxc3+ 39. Kxc3 Bf6
40. Kd4 Ng4 41. Kxd5 Nxe5 42. b5 Kc8 43. Nd4 Kb8 44. Ra3 Kb7 45. Nc6 Nd7 46.
Ra6 Nb6+ 47. Ke6 Nc8 48. Na5+ Kb8 49. Kd7 Nb6+ 50. Kc6 Nc8 51. Nc4 Na7+ 52.
Rxa7 Kxa7 53. Kxc7 Bd4 54. b6+ Ka6 55. b7 1-0

[Event "Kup SS CS 2014"]
[Site "?"]
[Date "2014.05.03"]
[Round "7.7"]
[White "Mijanovic, Dragan"]
[Black "Mitrovic, Mikica"]
[Result "1-0"]
[WhiteElo "2083"]
[BlackElo "1993"]
[PlyCount "129"]
[EventDate "2014.03.23"]

1. d4 g6 2. Nf3 Bg7 3. e3 Nf6 4. b3 d6 5. Bb2 O-O 6. c4 Nc6 7. Be2 Nd7 8. O-O
e5 9. d5 Ne7 10. e4 h6 11. Qc2 f5 12. exf5 Nxf5 13. Nbd2 g5 14. Ne4 Nf6 15. Bd3
Nxe4 16. Bxe4 Qf6 17. c5 g4 18. Nd2 Qg5 19. cxd6 cxd6 20. Rfe1 Nh4 21. Nf1 Bd7
22. Bc1 Qf6 23. Be3 Nf5 24. Ng3 Nxe3 25. fxe3 Rfc8 26. Qd2 b6 27. Rad1 Qg5 28.
Bb1 h5 29. Qd3 Qh6 30. Qg6 Be8 31. Qxh6 Bxh6 32. Nf5 Bg5 33. Nxd6 Rd8 34. Nxe8
Rxe8 35. Bg6 Re7 36. Bxh5 g3 37. hxg3 Kg7 38. e4 Rc7 39. Re2 Rc3 40. Kf2 Be7
41. Bf3 Bc5+ 42. Ke1 Rh8 43. Kd2 Bb4 44. a3 Rxf3+ 45. axb4 Rxb3 46. Ra1 Ra8 47.
Rc1 Rxb4 48. Kd3 a5 49. Rc7+ Kg6 50. Rec2 a4 51. R2c6+ Kh5 52. Re6 Rg8 53.
Rxe5+ Kg4 54. Ra7 Kxg3 55. d6 Kxg2 56. d7 Rg3+ 57. Kc2 Rgb3 58. Rd5 Rb2+ 59.
Kd1 Rb1+ 60. Kd2 Kf3 61. d8=Q R4b2+ 62. Kc3 Rb3+ 63. Kd4 Rb4+ 64. Ke5 Rxe4+ 65.
Kd6 1-0

[Event "Kup SS CS 2014"]
[Site "?"]
[Date "2014.05.03"]
[Round "7.8"]
[White "Savic, Miodrag"]
[Black "Vujic, Mihailo"]
[Result "0-1"]
[WhiteElo "2213"]
[BlackElo "2323"]
[PlyCount "52"]
[EventDate "2014.03.23"]

1. d4 d5 2. c4 e5 3. dxe5 d4 4. Nf3 Nc6 5. g3 Nge7 6. Bg2 Ng6 7. O-O Ngxe5 8.
Nxe5 Nxe5 9. Nd2 Be7 10. Nf3 Nxf3+ 11. Bxf3 O-O 12. Qc2 c5 13. Bd2 Bh3 14. Rfd1
Qd7 15. Be4 f5 16. Bd5+ Kh8 17. Rab1 Rad8 18. b4 f4 19. bxc5 fxg3 20. hxg3 Bxc5
21. Rxb7 d3 22. Qxd3 Qxb7 23. Bxb7 Rxd3 24. exd3 Rxf2 25. d4 Bxd4 26. Be3 Bxe3
0-1

[Event "Kup SS CS 2014"]
[Site "?"]
[Date "2014.05.03"]
[Round "7.8"]
[White "Tojagic, Dane"]
[Black "Savic, Ivan"]
[Result "1-0"]
[WhiteElo "2270"]
[BlackElo "2048"]
[PlyCount "81"]
[EventDate "2014.03.23"]

1. d4 d5 2. c4 e6 3. Nc3 Be7 4. cxd5 exd5 5. Qc2 c6 6. Nf3 Nf6 7. Bg5 h6 8. Bh4
O-O 9. e3 Ne4 10. Bg3 f5 11. Be2 Nd7 12. O-O Ndf6 13. Be5 Ng4 14. h3 Nxe5 15.
Nxe5 Bd6 16. f4 Ng3 17. Rf3 Nxe2+ 18. Qxe2 Bxe5 19. fxe5 Be6 20. Raf1 Qe7 21.
Qf2 Rf7 22. Ne2 g5 23. Ng3 g4 24. Nxf5 Bxf5 25. Rxf5 Rxf5 26. Qxf5 gxh3 27.
Qxh3 Rf8 28. Qxh6 Rxf1+ 29. Kxf1 Qb4 30. e6 Qc4+ 31. Kg1 Qb4 32. a3 Qe7 33.
Qg6+ Kh8 34. g3 b6 35. Kg2 c5 36. Qh5+ Kg7 37. Qxd5 cxd4 38. exd4 Kf6 39. Qe5+
Kg6 40. Qe4+ Kg7 41. Qg4+ 1-0

[Event "Kup SS CS 2014"]
[Site "?"]
[Date "2014.05.03"]
[Round "7.8"]
[White "Vucetic, Mirko"]
[Black "Markovic, Dragan P"]
[Result "1/2-1/2"]
[WhiteElo "2021"]
[BlackElo "2234"]
[PlyCount "70"]
[EventDate "2014.03.23"]

1. d4 Nf6 2. Nf3 e6 3. Bg5 c5 4. e3 Nc6 5. c3 d5 6. Nbd2 Bd6 7. Be2 h6 8. Bh4
cxd4 9. exd4 a6 10. Bd3 Be7 11. O-O Nh5 12. Bxe7 Qxe7 13. g3 Nf6 14. Re1 O-O
15. Qe2 Rd8 16. Ne5 Nxe5 17. Qxe5 Qd6 18. f4 Qxe5 19. Rxe5 Bd7 20. Ree1 Ne8 21.
Nf3 Nd6 22. Ne5 Bb5 23. Bxb5 Nxb5 24. a4 Nd6 25. a5 Rac8 26. Ra4 Rc7 27. Rb4
Kf8 28. Kf2 Ke7 29. Kf3 Rh8 30. g4 h5 31. g5 g6 32. h3 Rd8 33. Ra1 Kf8 34. Re1
Re8 35. Rb6 Nc8 1/2-1/2

[Event "Kup SS CS 2014"]
[Site "?"]
[Date "2014.05.03"]
[Round "7.8"]
[White "Ljubinkovic, Miodrag"]
[Black "Vasic, Zarko"]
[Result "1/2-1/2"]
[WhiteElo "2243"]
[BlackElo "2006"]
[PlyCount "106"]
[EventDate "2014.03.23"]

1. d4 e6 2. Nf3 c6 3. c3 Nf6 4. Bf4 d6 5. Nbd2 Nbd7 6. h3 Be7 7. e4 b6 8. e5
dxe5 9. dxe5 Nd5 10. Bg3 O-O 11. Qc2 a5 12. a3 Nc5 13. Rd1 Bb7 14. c4 Nc7 15.
Ne4 Qc8 16. Nxc5 Bxc5 17. Bd3 h6 18. Qe2 Rd8 19. Qe4 g6 20. Bh4 Rd7 21. O-O Bf8
22. Bc2 Ne8 23. Qe3 c5 24. Rxd7 Qxd7 25. Rd1 Qc7 26. a4 Ng7 27. Bf6 Ne8 28. Bh4
Bg7 29. Be4 g5 30. Bg3 Bxe4 31. Qxe4 Rd8 32. Rxd8 Qxd8 33. Kh2 Bf8 34. h4 Be7
35. hxg5 hxg5 36. Qe3 Ng7 37. Qd2 Nf5 38. Qxd8+ Bxd8 39. Kg1 Kg7 40. Kf1 Kg6
41. Bh2 g4 42. Nd2 Nd4 43. Ne4 Bg5 44. Nd6 Bc1 45. Nc8 Bxb2 46. Nxb6 Nc6 47.
Nd7 Bd4 48. Ke2 Kf5 49. Bg3 Nb4 50. f3 Na2 51. Kd3 Nb4+ 52. Kd2 gxf3 53. gxf3
Nc6 1/2-1/2